5HLuxD.jpg

KING HENRY VIII SENIOR AND PRIMARY SCHOOL LIBRARY OPAC

Biology for Cambridge international AS & A level. (Record no. 1742)

000 -LEADER
fixed length control field 01172nam a2200277zi 4500
001 - CONTROL NUMBER
control field 023205053
003 - CONTROL NUMBER IDENTIFIER
control field UkOxU
005 - DATE AND TIME OF LATEST TRANSACTION
control field 20230125104929.0
007 - PHYSICAL DESCRIPTION FIXED FIELD--GENERAL INFORMATION
fixed length control field ta
008 - FIXED-LENGTH DATA ELEMENTS--GENERAL INFORMATION
fixed length control field 191113e202004uuxxk d |||||||0|0 eng|d
020 ## - INTERNATIONAL STANDARD BOOK NUMBER
International Standard Book Number 9781108797771
Terms of availability (pbk.)
020 ## - INTERNATIONAL STANDARD BOOK NUMBER
International Standard Book Number 1108797776
Terms of availability (pbk.)
035 ## - SYSTEM CONTROL NUMBER
System control number (UK-WkNB)9781108797771
035 ## - SYSTEM CONTROL NUMBER
System control number (StEdALDL)1/3955777
040 ## - CATALOGING SOURCE
Original cataloging agency UK-WkNB
Language of cataloging eng
Description conventions rda
Transcribing agency UK-WkNB
Modifying agency UkOxU
-- KH8
082 04 - DEWEY DECIMAL CLASSIFICATION NUMBER
Classification number 570 JON
Edition number 23
100 1# - MAIN ENTRY--PERSONAL NAME
Personal name Jones, Mary,
Relator term author.
245 10 - TITLE STATEMENT
Title Biology for Cambridge international AS & A level.
Name of part/section of a work Practical workbook /
Statement of responsibility, etc. Mary Jones, Matthew Parkin.
250 ## - EDITION STATEMENT
Edition statement 2nd ed.
264 #1 - PRODUCTION, PUBLICATION, DISTRIBUTION, MANUFACTURE, AND COPYRIGHT NOTICE
Place of production, publication, distribution, manufacture Cambridge :
Name of producer, publisher, distributor, manufacturer Cambridge University Press,
Date of production, publication, distribution, manufacture, or copyright notice 2020.
300 ## - PHYSICAL DESCRIPTION
Extent 304 p. :
Other physical details b&w ill. ;
Dimensions 28 cm.
505 ## - FORMATTED CONTENTS NOTE
Formatted contents note Introduction; Safety; Skills chapter; 1. Microscopy; 2. Biological molecules; 3. Enzymes; 4. Cell membranes and transport; 5. Cell division and nucleic acids; 6. Plant transport; 7. Mammalian transport and gas exchange; 8. Energy and respiration; 9. Photosynthesis; 10. Homeostasis and coordination; 11. Inheritance, selection and evolution; 12. Ecology.
650 ## - SUBJECT ADDED ENTRY--TOPICAL TERM
Topical term or geographic name entry element Workbook
700 1# - ADDED ENTRY--PERSONAL NAME
Personal name Parkin, Matthew
Relator term author.
942 ## - ADDED ENTRY ELEMENTS (KOHA)
Source of classification or shelving scheme
Koha item type Teaching Resources
Holdings
Withdrawn status Lost status Source of classification or shelving scheme Damaged status Not for loan Collection code Permanent Location Current Location Shelving location Date acquired Total Checkouts Full call number Barcode Date due Date last seen Date last checked out Price effective from Koha item type
          Teaching Resources KH8 Senior School Library KH8 Senior School Library Staff Office 2023-01-25 2 570 JON TRKHSL000305 2025-07-04 2024-11-08 2024-11-08 2023-01-25 Teaching Resources

Powered By KH8 IT Dept